[Event "Schleswig Holstein-ch B 56th"]
[Site "Eckernfoerde"]
[Date "2001.04.??"]
[Round "4"]
[White "Feldmann, Wolfgang"]
[Black "Spenner, Wolfgang"]
[Result "0-1"]
[WhiteElo "1456"]
[BlackElo "1762"]
[PlyCount "34"]
[EventDate "2001.04.??"]
[EventType "swiss"]
[EventRounds "9"]
[EventCountry "GER"]
[SourceTitle "EXT 2004"]
[Source "ChessBase"]
[SourceDate "2003.11.25"]
[SourceVersion "1"]
[SourceVersionDate "2003.11.25"]
[SourceQuality "1"]

1. e4 c5 2. Bc4 e6 3. Nf3 Nc6 4. 0-0 a6 5. d4 d5 6. exd5 exd5 7. Re1+ Be7 8. Be2 Be6 9. dxc5 Bxc5 10. Ng5 Nf6 11. Nxe6 fxe6 12. Bh5+ Kd7 13. Bg4 Nxg4 14. Qxg4 Qf6 15. Be3 Bxe3 16. Rxe3 Rhf8 17. Rf3 Qxb2 0-1